000 00319nam a2200133Ia 4500
008 230312s9999||||xx |||||||||||||| ||und||
082 _a620.82
_bSAN-H
100 _aSandom;Carl
245 0 _aHuman Factors for Engineers
260 _c2004
300 _a361
650 _aAviation
_vEngineering/Technology
942 _cBK
999 _c12988
_d12988